| 000 | 01061cam a22002894a 4500 | ||
|---|---|---|---|
| 020 | _a9780470987674 (alk. paper) | ||
| 020 | _a0470987677 (alk. paper) | ||
| 040 | _cDLC | ||
| 082 | 0 | 0 | _a362 HOB 2007 C148 Or. |
| 245 | 0 | 0 | _a40 years of academic public psychiatry / |
| 246 | 3 | _aForty years of academic public psychiatry | |
| 260 |
_aChichester, West Sussex ; _aHoboken, NJ : _bJ. Wiley, _cc2007. |
||
| 300 |
_axxvii, 210 p. : _bill. ; _c26 cm. |
||
| 650 | 0 | _aCommunity psychiatry | |
| 650 | 0 | _aCommunity mental health services | |
| 650 | 0 | _aAcademic medical centers | |
| 650 | 1 | 2 | _aCommunity Mental Health Services |
| 650 | 2 | 2 | _aAcademic Medical Centers |
| 650 | 2 | 2 | _aCommunity Psychiatry |
| 650 | 2 | 2 | _aHealth Services Research |
| 700 | 1 | _aJacobs, Selby, | |
| 700 | 1 | _aGriffith, Ezra E. H., | |
| 856 | 4 | 2 | _uhttp://www.loc.gov/catdir/enhancements/fy0806/2007040688-d.html |
| 856 | 4 | 1 | _uhttp://www.loc.gov/catdir/enhancements/fy0806/2007040688-t.html |
| 856 | 4 | 2 | _uhttp://www.loc.gov/catdir/enhancements/fy0833/2007040688-b.html |
| 942 | _cAEDBB | ||
| 999 |
_c18592 _d18592 |
||